Trouver le film #1 - Statistiques

Statistiques générales
  • Ce quiz a été pris 1 354 fois
  • Le résultat moyen est 39 sur 82
Statistiques - réponses
Réalisateur Année de sortie Indices Réponse % Correct
James CAMERON 1997 Iceberg / Leonardo Dicaprio Titanic
92%
Steven SPIELBERG 1982 Téléphone Maison / Henry Thomas E.T. l'extra-terrestre
91%
Steven SPIELBERG 1975 Eau, Requin / Roy Scheider Les Dents de la Mer
87%
James HUTH 2004 J't'ai cassé / Jean Dujardin Brice de Nice
85%
Chris COLOMBUS 2001 Baguette / Daniel Radcliffe Harry Potter à l'école des Sorciers
85%
Oliver NAKACHE 2011 Paraplégique / Omar Sy Intouchables
84%
Robert ZEMECKIS 1985 Delorean, Voyage dans le temps / Christopher Lloyd Retour Vers Le Futur
84%
Fabien ONTENIENTE 2006 Vacances, Patrick / Franck Dubosc Camping
82%
Tim BURTON 2005 Tiquet d'or / Johnny Depp Charlie et la Chocolaterie
80%
Tim BURTON 1990 Mains particulières / Johnny Depp Edward aux Mains d'Argent
78%
Chritopher NOLAN 2010 Rêves / Léonardo Dicaprio Inception
78%
Dany BOON 2008 Nord / Danny Boon Bienvenue chez les Chtis
77%
Quentin TARANTINO 2003 Bill / Uma Thurman Kill Bill: Volume 1
77%
Martin SCORSESE 2013 Drogue, Sexe, Bourse / Leonardo DiCaprio Le Loup de Wall Street
74%
Luc BESSON 1994 Tueur à gages / Jean Reno Léon
74%
Eric LARTIGAU 2013 Ferme, Surdité / Louane La famille Belier
72%
Luc BESSON 1988 Apnée / Jean Reno Le Grand Bleu
71%
Hayao MIYAZAKI 2001 Chihiro / - Le Voyage De Chihiro
70%
Christophe BARRATIER 2004 Chant / Jean Baptiste Maunier Les Choristes
69%
Quentin TARANTINO 1994 Malfrats / John Travolta Pulp Fiction
69%
Martin SCORSESE 2010 Ile, policier / Leonardo DiCaprio Shutter Island
69%
Martin SCORSESE 1976 Taxi / Robert De Niro Taxi Driver
69%
Charlie CHAPLIN 1940 Hitler / Charlie Chaplin Le Dictateur
68%
Stanley KUBRICK 1980 Hotel, écrivain / Jack Nicholson Shining
68%
Charlie CHAPLIN 1936 Ouvrier d'usine / Charlie Chaplin Les Temps Modernes
67%
Ridley SCOTT 1979 Espace, Vie extraterrestre Alien
66%
David FINCHER 1999 Savon / Brad Pitt Fight Club
66%
Steven SPIELBERG 1998 Guerre / Tom Hanks Il Faut Sauver le Soldat Ryan
64%
Robert ZEMECKIS 1994 Course, faible QI, Crevettes Forrest Gump
63%
Mathieu KASSOVITZ 1995 Noir et blanc / Vincent Cassel La Haine
63%
Sergio LEONE 1966 Western / Clint Eastwood Le Bon, la Brute et le Truand
62%
James CAMERON 2009 Bleu / Sam Worthington Avatar
61%
Michael YOUN 2010 Rappeur, énorme star / Michael Youn Fatal
60%
David FINCHER 1995 Péché / Brad Pitt Seven
60%
Alexandre DE LA PATELLIERE 2011 Adolf / Patrick Bruel Le Prénom
55%
Nicolas WINDING REFN 2012 Conducteur, Nightcall / Ryan Gosling Drive
54%
Abdellatif KECHICHE 2013 Amour, lesbienne / Léa Seydoux La vie d'Adèle
54%
Alejandro González INARRITU 2016 Forêt, Laissé pour mort / Léonardo Dicaprio The Revenant
54%
Arthur PENN 1967 Couple de bandits / Faye Dunaway Bonnie and Clyde
53%
Steven SPIELBERG 1993 Dinosaure / Sam Neill Jurassic Parc
52%
David CRONENBERG 1986 Transformation en insecte / Jeff Goldblum La Mouche
51%
Guillaume CANET 2010 Vacances entre amis / Jean Dujardin Les Petits Mouchoirs
50%
Clint EASTWOOD 2004 Boxe / Hilary Swank Million Dollar Baby
49%
Maïwenn 2011 Brigade de protection des mineurs / Joey Starr Polisse
47%
Barry LEVINSON 1988 Héritage, Autiste / Tom Cruise Rain Man
44%
Stanley KUBRICK 1968 Espace, Science Fiction / Arthur C. Clarke 2001: l'Odyssée de l'Espace
43%
Pascal CHAUMEIL 2010 Briseur de couples / Vanessa Paradis L'Arnacoeur
43%
David FINCHER 2010 Harvard / Jesse Eisenberg The Social Network
41%
Spike JONZE 2013 Amour avec un ordinateur / Joaquin Phoenix Her
38%
Louis LETERRIER 2013 Magiciens / Jesse Eisenberg Insaisissables
36%
Jason REITMAN 2007 16 ans et enceinte / Ellen Page Juno
36%
Steve MCQUEEN 2013 Esclavage / Michael Fassbender Twelve Years a Slave
34%
Jerome ROBBINS 1962 Comédie Musicale / Natalie Wood West Side Story
34%
Darren ARONOFSKY 2000 Drogue, Trio / Jared Leto Requiem For a Dream
33%
Terry GILLIAM 1998 Drogue, vegas / Johnny Depp Las Vegas Parano
32%
Wes ANDERSON 2014 Hôtel rose / Ralph Fiennes The Grand Budapest Hotel
32%
Dennis GANSEL 2008 Allemagne, Enseignement, Régime Totalitaire / Jurgen Vogel La Vague
30%
Lars VON TRIER 2014 Nymphomane / Charlotte Gainsbourg Nymphomaniac
28%
Damien CHAZELLE 2014 Batterie / Miles Teller Whiplash
28%
David FINCHER 2014 Maison / Ben Affleck Gone Girl
27%
Quentin TARANTINO 2016 Huis-Clos / Samuel L. Jackson Les Huits Salopards
22%
Alejandro González INARRITU 2014 Théatre, plan séquence / Michael Keaton Birdman
21%
Xavier DOLAN 2014 1:1 / Suzanne Clement Mommy
21%
Guillaume GALIENNE 2013 Homosexualité, pièce de théatre adaptée / Guillaume Galienne Les Garçons et Guillaume, à table !
20%
Denis VILLENEUVE 2013 Disparition d'enfants / Hugh Jackman Prisonners
19%
Jean-Marc VALLEE 2013 SIDA / Matthew McConaughey Dallas Buyers Club
17%
Denis VILLENEUVE 2015 FBI vs Cartels mexicains / Benicio Del Toro Sicario
17%
Xavier DOLAN 2016 Mort / Vincent Cassel Juste la fin du monde
16%
Tom HOPPER 2016 Transgenre, Danemark, Peinture / Eddie Redmayne The Danish Girl
16%
Wes ANDERSON 2012 Colonie de vacances / Edward Norton Moonrise Kingdom
15%
Gaspar NOE 2015 Sexe / Gaspar Noé Love
14%
Denis VILLENEUVE 2013 Découverte d'un sosie parfait / Jake Gyllenhaal Enemy
13%
Nicolas WINDING REFN 2016 Mannequin / Elle Fanning The Neon Demon
11%
Richard LINKLATER 2014 13 ans de tournage / Ethan Hawke Boyhood
10%
Xavier DOLAN 2012 Transgenre / Mervil Poupaud Laurence Anyways
10%
Ken SCOTT 2011 533 enfants / Patrick Huard Starbuck
10%
Gaspar NOE 2009 Errance, Tokyo / Nathaniel Brown Enter The Void
9%
Jonathan GLAZER 2013 Noir, alien, film étrange / Scarlett Johansson Under The Skin
9%
Xavier DOLAN 2010 Trio / Xavier Dolan Les Amours Imaginaires
8%
Jean-Marc VALLEE 2016 Veuf, reconstruction de sa vie / Jake Gyllenhaal Demolition
5%
Paolo SORRENTINO 2013 Belle Italie / Toni Servillo La Grande Belezza
4%
Bertrand BONELLO 2016 Attentat / Finnegan Oldfield Nocturama
3%
Aucun quiz correspondant
Distribution des résultats
% des personnes avec chaque résultat
Percentile par nombre de réponses
Votre historique - résultats
Vous n’avez pas pris ce quiz